Liên hoan ảnh nghệ thuật khu vực Bắc miền Trung từ góc nhìn của người trong cuộc /

محفوظ في:
التفاصيل البيبلوغرافية
المؤلف الرئيسي: Phạm Bá Thịnh.
التنسيق: مقال
اللغة:Vietnamese
الموضوعات:
الوسوم: إضافة وسم
لا توجد وسوم, كن أول من يضع وسما على هذه التسجيلة!
Thư viện lưu trữ: Thư viện Trường Đại học Đà Lạt
LEADER 00906nam a2200277 4500
001 DLU170182697
005 ##20171227
040 # # |a DLU  |b vie 
041 # # |a vie 
044 # # |a vn 
100 # # |a Phạm Bá Thịnh. 
245 # # |a Liên hoan ảnh nghệ thuật khu vực Bắc miền Trung từ góc nhìn của người trong cuộc /  |c Phạm Bá Thịnh. 
653 # # |a Ảnh nghệ thuật 
653 # # |a Bắc miền Trung 
653 # # |a Ban giám khảo 
653 # # |a Liên hoan ảnh nghệ thuật 
653 # # |a Nhiếp ảnh khu vực 
773 # # |t Tạp chí Lý luận, phê bình văn học, nghệ thuật  |g Số 12, 2013, tr. 29-34 
920 # # |a Phòng Tạp chí --Trung tâm Thông tin - Thư viện Trường Đại học Đà Lạt 
900 # # |a True 
911 # # |a Lê Thị Hồng 
925 # # |a G 
926 # # |a A 
927 # # |a BB 
980 # # |a Thư viện Trường Đại học Đà Lạt